00700 2200181 4500001002100000005001700021008004100038035002500079082001000104090001900114100002200133245017900155260010000334300003900434650001400473850001200487990001900499YOGYA-0113000000085120150227111656.0 ind  a0010-011300000000851 a639.2 aSK 639.2 Idr S aIDRIS PUJI ASTUTI aStudi eksplorasi usaha perukanan laut pada masyarakat nelayan Pandan Simo di Desa Poncosari Kecamatan Srandakan Kabupaten Bantul Daerah Istimewa YogyakartacIdris Puji Astuti aYogyakartabJurusan Pendidikan Geografi Fakultas Ilmu Sosial Universitas Negri Yogyakartac2001 axii,95,(2) lbr.bilus, lampc29 cm aPerikanan aYOPDYOG a42.155.PD/A.12